Избранные педагогические сочинения (Запись № 6705798)

Подробности
000 -МАРКЕР
контрольное поле 01444nam1a22003131i 4500
001 - ИДЕНТИФИКАТОР ЗАПИСИ
контрольное поле rc\974087
005 - ИДЕНТИФИКАТОР ВЕРСИИ
контрольное поле 20260406094315.0
035 ## - ДРУГИЕ СИСТЕМНЫЕ НОМЕРА
Идентификатор записи (NLR Aleph) 006245587
100 ## - ДАННЫЕ ОБЩЕЙ ОБРАБОТКИ
Данные общей обработки 20041129d1982| k |0rusy50 ca
101 1# - ЯЗЫК РЕСУРСА
Язык текста, звукозаписи и т.д. русский
Язык оригинала латинский
-- чешский
102 ## - СТРАНА ПУБЛИКАЦИИ ИЛИ ПРОИЗВОДСТВА
Страна публикации Российская Федерация
105 ## - ПОЛЕ КОДИРОВАННЫХ ДАННЫХ: ТЕКСТОВЫЕ МАТЕРИАЛЫ, МОНОГРАФИЧЕСКИЕ
Кодированные данные о монографическом текстовом документе | z||||||||
200 1# - ЗАГЛАВИЕ И СВЕДЕНИЯ ОБ ОТВЕТСТВЕННОСТИ
Основное заглавие Избранные педагогические сочинения
Сведения, относящиеся к заглавию [в 2-х т.]
Первые сведения об ответственности Я.А. Коменский
Последующие сведения об ответственности под ред. А.И. Пискунова (отв. ред.) [и др.]
210 ## - ПУБЛИКАЦИЯ, РАСПРОСТРАНЕНИЕ И ДР.
Место издания, распространения и т.д. Москва
Имя издателя, распространителя и т. д. Педагогика
Дата издания, распространения и т.д. 1982
215 ## - ФИЗИЧЕСКАЯ ХАРАКТЕРИСТИКА
Специфическое обозначение материала и объем 2 т.
Размеры 22
225 1# - СЕРИЯ
Основное заглавие серии Педагогическая библиотека
Сведения об ответственности АПН СССР
-- редкол. серии: М.И. Кондаков (пред.)
600 #1 - ИМЯ ЛИЦА КАК ПРЕДМЕТ
Начальный элемент ввода Коменский
Часть имени, кроме начального элемента ввода Я.А.
Даты 1592 - 1670
Расширение инициалов личного имени Ян Амос
Тематический подзаголовок Педагогические взгляды
Системный номер авторитетной/нормативной записи 1356161
Идентификатор авторитетной/нормативной записи RU\NLR\AUTH\66566921
606 ## - НАИМЕНОВАНИЕ ТЕМЫ КАК ПРЕДМЕТ
Наименование темы Педагогика
Системный номер авторитетной/нормативной записи 921924
Идентификатор авторитетной/нормативной записи RU\NLR\AUTH\6619222
686 0# - ИНДЕКСЫ ДРУГИХ КЛАССИФИКАЦИЙ
Индекс Ч30я44-Коменский
Код системы
686 0# - ИНДЕКСЫ ДРУГИХ КЛАССИФИКАЦИЙ
Индекс Ч33я42-271
Код системы
700 #1 - ИМЯ ЛИЦА - ПЕРВИЧНАЯ ОТВЕТСТВЕННОСТЬ
Материалы, к которым относится поле rus
Графика поля Кириллица
Начальный элемент ввода Коменский
Часть имени, кроме начального элемента ввода Я. А.
Даты 1592-1670
Расширение инициалов личного имени Ян Амос
Идентификатор авторитетной/нормативной записи RU\NLR\AUTH\7768663
Системный номер авторитетной/нормативной записи 51591
702 ## - ИМЯ ЛИЦА - ВТОРИЧНАЯ ОТВЕТСТВЕННОСТЬ
Начальный элемент ввода Пискунов
Часть имени, кроме начального элемента ввода А. И.
Даты 1921-
Расширение инициалов личного имени Алексей Иванович
Код отношения Редактор
702 ## - ИМЯ ЛИЦА - ВТОРИЧНАЯ ОТВЕТСТВЕННОСТЬ
Начальный элемент ввода Кондаков
Часть имени, кроме начального элемента ввода М. И.
Даты 1920-
Расширение инициалов личного имени Михаил Иванович
Код отношения Редактор
801 #0 - ИСТОЧНИК ЗАПИСИ
Страна Российская Федерация
Организация NLR
Правила каталогизации psbo
801 #1 - ИСТОЧНИК ЗАПИСИ
Страна Российская Федерация
Организация ELAR
Источник данных rusmarc
801 #2 - ИСТОЧНИК ЗАПИСИ
Страна Российская Федерация
Организация NLR
Дата составления 20131202
Источник данных rusmarc
852 ## - МЕСТОНАХОЖДЕНИЕ И ШИФР ХРАНЕНИЯ
Идентификатор организации NLR
Шифр хранения (Call Number) 82-5/6072
942 ## - ДОПОЛНИТЕЛЬНЫЕ ЭЛЕМЕНТЫ ЗАПИСИ (АБИС)
Тип экземпляра АБИС Книга

Нет доступных экземпляров.